000 00483nam a2200169Ia 4500
999 _c27845
_d27845
003 OSt
005 20201230094958.0
008 190216s9999||||xx |||||||||||||| ||und||
040 _coclc
082 _a894.812301
_bSRE/S
100 _aSreeraman, C V
_97951
245 0 _aSreeramante Kathakal /
_cC V Sreeraman
260 _bCurrent Books,
_aThrissur:
_c1997.
300 _a584p
650 _aKathakal
942 _cBK
_2ddc
_h894.812301
_iSRE/S
_k894.812301
_mSRE/S